书目信息 |
| 题名: |
数码摄影构图技巧
|
|
| 作者: | 赵道强 著 | |
| 分册: | ||
| 出版信息: | 北京 中国摄影出版社 2007.10 |
|
| 页数: | 98页 | |
| 开本: | 23cm | |
| 丛书名: | 数码摄影丛书 | |
| 单 册: | ||
| 中图分类: | J406 | |
| 科图分类: | ||
| 主题词: | 数字照相机--shu zi zhao xiang ji--摄影构图--基本知识 | |
| 电子资源: | ||
| ISBN: | 978-7-80236-051-8 | |
| 000 | 01073nam 2200265 450 | |
| 001 | 012008327656 | |
| 005 | 20080510100610.18 | |
| 010 | @a978-7-80236-051-8@dCNY32.00 | |
| 100 | @a20080510d2007 em y0chiy0120 ea | |
| 101 | 0 | @achi |
| 102 | @aCN@b110000 | |
| 105 | @aac z 000yy | |
| 106 | @ar | |
| 200 | 1 | @a数码摄影构图技巧@Ashu ma she ying gou tu ji qiao@d= Digital photography composition skill@f赵道强著@Fzhao dao qiang zhu@zeng |
| 210 | @a北京@c中国摄影出版社@d2007.10 | |
| 215 | @a98页@c图, 肖像@d23cm | |
| 225 | 2 | @a数码摄影丛书@Ashu ma she ying cong shu |
| 330 | @a本书既有对摄影中构图、光线等基本元素应用的阐述,还重点介绍了在某些具体环境下的拍摄技巧以及应该注意的问题,通过近300幅实拍照片从正反例的形式,简单明了介绍了日常摄影工作中经常遇到的问题以及解决方法。 | |
| 410 | 0 | @12001 @a数码摄影丛书 |
| 510 | 1 | @aDigital photography composition skill@zeng |
| 606 | 0 | @a数字照相机@Ashu zi zhao xiang ji@x摄影构图@x基本知识 |
| 690 | @aJ406@v4 | |
| 701 | 0 | @a赵道强@Azhao dao qiang@4著 |
| 801 | 0 | @aCN@bQSSK@c20080510 |
| 905 | @b709730-32@dJ406@eZ295@f3 | |
| 数码摄影构图技巧= Digital photography composition skill/赵道强著.-北京:中国摄影出版社,2007.10 |
| 98页:图, 肖像;23cm.-(数码摄影丛书) |
| ISBN 978-7-80236-051-8:CNY32.00 |
| 本书既有对摄影中构图、光线等基本元素应用的阐述,还重点介绍了在某些具体环境下的拍摄技巧以及应该注意的问题,通过近300幅实拍照片从正反例的形式,简单明了介绍了日常摄影工作中经常遇到的问题以及解决方法。 |
| ● |
| 相关链接 |
|
|
|
正题名:数码摄影构图技巧
索取号:J406/Z295
 
预约/预借
| 序号 | 登录号 | 条形码 | 馆藏地/架位号 | 状态 | 备注 |
| 1 | 709730 | 207097309 | 社科库309/309社科库 82排3列3层/ [索取号:J406/Z295] | 在馆 | |
| 2 | 709731 | 207097318 | 社科库309/309社科库 82排3列3层/ [索取号:J406/Z295] | 在馆 | |
| 3 | 709732 | 207097327 | 社科库309/309社科库 82排3列3层/ [索取号:J406/Z295] | 在馆 |